000 00908nam a22002057a 4500
999 _c59419
_d59419
003 Ge_BSU
005 20230214164451.0
008 230214s2001 ge ||||| |||| 00| 0 geo d
041 _ageo
080 _a 323.1(479.22) : 172.15 ს-94
100 _aსუმბაძე, დენიზა
_916908
245 _aკონცეფცია ერის შესახებ :
_b(ერის უფლებისა და ღირსების შესახებ) /
_cდენიზა სუმბაძე; [რედ.: რეზო ბალანჩივაძე].
264 _aთბილისი,
_c2001.
300 _a48გვ. ;
_b20სმ.
500 _a თავფ.: ავტ. მინაწ.
653 _aეროვნული საკითხი
653 _aქართველი ერი
653 _aპატრიოტიზმი.
942 _2udc
_cBK